00393 a2200157 4500003000400000005001700004008004100021020001800062040000900080082001900089100002300108245003600131250001200167260004600179300001000225OSt20240122125305.0240122b |||||||| |||| 00| 0 eng d a9789392115233 coclc a297.092bMAJ/I aMajeed, A K Abdul  aIbnu Seena /cA.K. Abdul Majeed a1st ed. aMalappuram:bBook Plus Publishers,c2023. a192p.